[Event "Online Olym Div2 C"]
[Site "Chess.com INT"]
[Date "2021.09.03"]
[Round "6.1"]
[White "Stupak, Kirill"]
[Black "Potpara, Nikola"]
[Result "1-0"]
[WhiteElo "2492"]
[BlackElo "2374"]
[PlyCount "59"]
[EventDate "2021.09.02"]
[EventType "team (rapid)"]
[EventRounds "9"]
[EventCountry "USA"]
[SourceTitle "CBM 204 Extra"]
[Source "ChessBase"]
[SourceDate "2021.11.30"]
[SourceVersion "1"]
[SourceVersionDate "2021.11.30"]
[SourceQuality "1"]
[WhiteTeam "Belarus"]
[BlackTeam "Montenegro"]
[WhiteTeamCountry "BLR"]
[BlackTeamCountry "MNE"]

1. d4 Nf6 2. g3 c5 3. d5 d6 4. c4 g6 5. Nc3 Bg7 6. Bg2 0-0 7. Nf3 e6 8. 0-0 exd5 9. cxd5 Re8 10. Bf4 Bf5 11. Nh4 Bg4 12. Qb3 Na6 13. e4 Nc7 14. h3 Bc8 15. a4 a6 16. Rfe1 Nh5 17. Be3 Rb8 18. Qb6 Qe7 19. g4 Qxh4 20. Qxc7 Bxg4 21. hxg4 Qxg4 22. Qxd6 Be5 23. Qxc5 f5 24. exf5 Rbc8 25. Qa5 gxf5 26. d6 f4 27. Qd5+ Kf8 28. d7 fxe3 29. dxe8Q+ Rxe8 30. Qf3+ 1-0

[Event "Paracin Orbis IM 3rd"]
[Site "Paracin"]
[Date "2021.07.18"]
[Round "2"]
[White "Potpara, Nikola"]
[Black "Ilincic, Zlatko"]
[Result "1-0"]
[WhiteElo "2370"]
[BlackElo "2395"]
[PlyCount "119"]
[EventDate "2021.07.17"]
[EventType "tourn"]
[EventRounds "9"]
[EventCountry "SRB"]
[EventCategory "1"]
[SourceTitle "CBM 203 Extra"]
[Source "ChessBase"]
[SourceDate "2021.09.30"]
[SourceVersion "1"]
[SourceVersionDate "2021.09.30"]
[SourceQuality "1"]

1. c4 Nf6 2. g3 c6 3. Bg2 d5 4. Nf3 dxc4 5. 0-0 b5 6. a4 Bb7 7. b3 cxb3 8. Qxb3 a6 9. Ba3 e6 10. Bxf8 Kxf8 11. Rc1 g6 12. Qb2 Kg7 13. Ne5 Qd6 14. Ra3 Rd8 15. e3 Nbd7 16. f4 Kg8 17. Nxc6 Rdc8 18. axb5 axb5 19. Rxa8 Rxa8 20. Qxb5 Bxc6 21. Qxc6 Qxc6 22. Bxc6 Ra1 23. Kf2 Nb6 24. Bf3 h5 25. Ke2 Kf8 26. h3 Ke7 27. Rc7+ Nbd7 28. Nc3 Ne8 29. Rb7 Nd6 30. Rc7 Ne8 31. Rc6 Nd6 32. g4 hxg4 33. hxg4 g5 34. fxg5 Ra5 35. d4 Nb8 36. Rc7+ Kd8 37. Rc5 Rxc5 38. dxc5 Nc4 39. Kd3 Ne5+ 40. Ke4 Nbd7 41. Be2 Nc6 42. Na4 Na7 43. Kf4 Nf8 44. Bd3 Nc6 45. Be4 Kc7 46. Nc3 Na7 47. g6 fxg6 48. Kg5 Nc6 49. Bxc6 Kxc6 50. Na4 Nd7 51. Kxg6 Ne5+ 52. Kh5 Nc4 53. e4 Nd2 54. e5 Nf3 55. g5 Nxe5 56. g6 Nxg6 57. Kxg6 Kd5 58. Kf6 e5 59. Kf5 e4 60. Kf4 1-0

[Event "MNT-ch 73rd"]
[Site "Podgorica"]
[Date "2021.05.04"]
[Round "2"]
[White "Potpara, Nikola"]
[Black "Vujovic, Savo"]
[Result "1-0"]
[WhiteElo "2365"]
[BlackElo "2167"]
[PlyCount "77"]
[EventDate "2021.05.03"]
[EventType "swiss"]
[EventRounds "9"]
[EventCountry "MNE"]
[SourceTitle "CBM 202 Extra"]
[Source "ChessBase"]
[SourceDate "2021.07.31"]
[SourceVersion "1"]
[SourceVersionDate "2021.07.31"]
[SourceQuality "1"]

1. Nf3 Nf6 2. g3 g6 3. Bg2 Bg7 4. 0-0 0-0 5. c4 Nc6 6. Nc3 e5 7. d3 d6 8. Rb1 a5 9. a3 h6 10. b4 axb4 11. axb4 Nh5 12. b5 Ne7 13. Qb3 Kh7 14. Bb2 f5 15. Ra1 Rb8 16. Nd2 Be6 17. Nd5 c6 18. Nxe7 Qxe7 19. Ra7 Qd8 20. Ba3 Qb6 21. Qa4 cxb5 22. Rb1 Ra8 23. Rxa8 bxa4 24. Rxb6 Rxa8 25. Bxb7 Ra7 26. Nb1 e4 27. Ba6 exd3 28. exd3 f4 29. Bxd6 Bf5 30. c5 a3 31. Nxa3 Bxd3 32. Bxd3 Rxa3 33. Bb1 Rc3 34. Bxg6+ Kxg6 35. Be5+ Kf5 36. Bxc3 Bxc3 37. c6 fxg3 38. c7 gxf2+ 39. Kf1 1-0

[Event "Niksic Bato Kontic Memorial"]
[Site "Niksic"]
[Date "2021.04.21"]
[Round "8"]
[White "Sukovic, Andrej"]
[Black "Potpara, Nikola"]
[Result "1-0"]
[WhiteElo "2283"]
[BlackElo "2370"]
[PlyCount "85"]
[EventDate "2021.04.16"]
[EventType "swiss"]
[EventRounds "9"]
[EventCountry "MNE"]
[SourceTitle "CBM 202 Extra"]
[Source "ChessBase"]
[SourceDate "2021.07.31"]
[SourceVersion "1"]
[SourceVersionDate "2021.07.31"]
[SourceQuality "1"]

1. e4 c5 2. Nf3 d6 3. d4 cxd4 4. Nxd4 Nf6 5. Nc3 Nc6 6. Bc4 e6 7. Bb3 a6 8. Be3 Qc7 9. Qe2 Na5 10. g4 h6 11. f4 Nxb3 12. axb3 Nd7 13. h4 Rb8 14. 0-0-0 h5 15. gxh5 Nf6 16. h6 gxh6 17. Rhf1 Be7 18. e5 dxe5 19. fxe5 Qxe5 20. Bf4 Qxe2 21. Ndxe2 Nd7 22. Rxd7 Bxd7 23. Bxb8 Bxh4 24. Ne4 f5 25. Be5 Rg8 26. Nd6+ Ke7 27. Nxb7 Rg4 28. Nc5 Bb5 29. Kd1 Bf6 30. Bxf6+ Kxf6 31. c4 Bc6 32. Nxa6 h5 33. Nf4 h4 34. Nc7 Bg2 35. Nxg2 Rxg2 36. Rh1 Rxb2 37. Rxh4 Rxb3 38. Rh6+ Ke5 39. Kc2 Rb6 40. Nb5 Ke4 41. Kc3 f4 42. Nd4 f3 43. Rh4+ 1-0

[Event "Niksic Bato Kontic Memorial"]
[Site "Niksic"]
[Date "2021.04.18"]
[Round "3"]
[White "Potpara, Nikola"]
[Black "Osmak, Iulija"]
[Result "1/2-1/2"]
[WhiteElo "2370"]
[BlackElo "2428"]
[PlyCount "95"]
[EventDate "2021.04.16"]
[EventType "swiss"]
[EventRounds "9"]
[EventCountry "MNE"]
[SourceTitle "CBM 202 Extra"]
[Source "ChessBase"]
[SourceDate "2021.07.31"]
[SourceVersion "1"]
[SourceVersionDate "2021.07.31"]
[SourceQuality "1"]

1. c4 e5 2. g3 h5 3. Nf3 e4 4. Nh4 Be7 5. Nf5 d6 6. Nxe7 Qxe7 7. Nc3 Nf6 8. Bg2 h4 9. d3 exd3 10. Qxd3 h3 11. Bf3 Nbd7 12. Bg5 Ne5 13. Qe3 c6 14. b3 Bf5 15. 0-0 Qe6 16. Rad1 0-0 17. Bh1 Rfd8 18. Qd4 Rd7 19. e4 Bg4 20. f3 Bh5 21. Ne2 Nh7 22. Nf4 Qe8 23. Nxh3 Nxg5 24. Nxg5 a5 25. Nh3 f6 26. Nf4 Bf7 27. Ne2 a4 28. f4 c5 29. Qc3 Nc6 30. Bf3 Rdd8 31. Rd2 Bg6 32. Qe3 axb3 33. axb3 Ra3 34. Rd3 Nb4 35. Rc3 Qe7 36. Qc1 Ra2 37. Qb1 Rda8 38. Rcc1 Bxe4 39. Qxe4 Qxe4 40. Bxe4 Rxe2 41. Rfe1 Rxe1+ 42. Rxe1 Nc6 43. Bg6 Kf8 44. Kg2 Ne7 45. Be4 Nc6 46. Bg6 Ne7 47. Be4 Nc6 48. Bg6 1/2-1/2

[Event "Niksic Bato Kontic Memorial"]
[Site "Niksic"]
[Date "2021.04.18"]
[Round "4"]
[White "Sanal, Vahap"]
[Black "Potpara, Nikola"]
[Result "1-0"]
[WhiteElo "2572"]
[BlackElo "2370"]
[PlyCount "147"]
[EventDate "2021.04.16"]
[EventType "swiss"]
[EventRounds "9"]
[EventCountry "MNE"]
[SourceTitle "CBM 202 Extra"]
[Source "ChessBase"]
[SourceDate "2021.07.31"]
[SourceVersion "1"]
[SourceVersionDate "2021.07.31"]
[SourceQuality "1"]

1. e4 c5 2. Nc3 Nc6 3. Nge2 d6 4. d4 cxd4 5. Nxd4 Nf6 6. Bg5 e6 7. Qd2 a6 8. 0-0-0 Bd7 9. f4 b5 10. Bxf6 gxf6 11. Kb1 Qb6 12. Nce2 h5 13. h4 Rg8 14. Rh3 Nxd4 15. Nxd4 Rc8 16. Re3 Be7 17. g3 Rc7 18. Be2 Rh8 19. Bf3 b4 20. Qe2 a5 21. Red3 Rc5 22. f5 e5 23. Nb3 Rc8 24. Rd5 a4 25. Na5 Qc7 26. b3 Kf8 27. Nc4 a3 28. Qd2 Bc6 29. Rd3 Bb5 30. Qxb4 Rb8 31. Qc3 Bxc4 32. Kc1 d5 33. exd5 Bd6 34. Qxc4 Qxc4 35. bxc4 Rg8 36. c5 Bxc5 37. Bxh5 e4 38. Rc3 Bd6 39. Re1 Be5 40. Rb3 Rxb3 41. cxb3 Rxg3 42. Rxe4 Rd3 43. Ra4 Rxd5 44. Rxa3 Bf4+ 45. Kc2 Rxf5 46. Be2 Re5 47. Bf3 Re3 48. Bg4 Rg3 49. Be2 Rh3 50. h5 Be5 51. Ra7 f5 52. Ra5 f6 53. Rd5 Ke7 54. Bd1 f4 55. Rd3 Rh2+ 56. Rd2 Rh3 57. a4 f3 58. a5 Bc3 59. Rd5 f2 60. Be2 Be5 61. Rd7+ Ke8 62. Rd3 Rh1 63. Rd1 Re1 64. Bb5+ Kf8 65. a6 Rxd1 66. Kxd1 Bd4 67. Kd2 Kg7 68. Be2 f5 69. Kd3 Ba7 70. b4 Kh6 71. b5 f4 72. Ke4 Be3 73. Kd5 f3 74. Bf1 1-0

[Event "Niksic Bato Kontic Memorial"]
[Site "Niksic"]
[Date "2021.04.16"]
[Round "1"]
[White "Potpara, Nikola"]
[Black "Dardha, Daniel"]
[Result "1/2-1/2"]
[WhiteElo "2370"]
[BlackElo "2516"]
[PlyCount "170"]
[EventDate "2021.04.16"]
[EventType "swiss"]
[EventRounds "9"]
[EventCountry "MNE"]
[SourceTitle "CBM 202 Extra"]
[Source "ChessBase"]
[SourceDate "2021.07.31"]
[SourceVersion "1"]
[SourceVersionDate "2021.07.31"]
[SourceQuality "1"]

1. c4 b6 2. Nc3 Bb7 3. e4 e5 4. g3 Bc5 5. Bg2 Ne7 6. Nge2 Nbc6 7. a3 a5 8. Na4 d6 9. d3 Nd4 10. Rb1 Nxe2 11. Qxe2 0-0 12. 0-0 Qd7 13. b3 Nc6 14. Nc3 Nd4 15. Qd1 b5 16. b4 axb4 17. axb4 Ba7 18. Be3 Ba6 19. Ra1 Bb6 20. Nd5 bxc4 21. Qh5 Qd8 22. Nxb6 cxb6 23. Bxd4 exd4 24. Qd5 Qc7 25. e5 dxe5 26. b5 Rad8 27. bxa6 Rxd5 28. Bxd5 Qa7 29. dxc4 Rc8 30. Rfe1 d3 31. Bb7 Re8 32. Rad1 g6 33. Rxd3 Re7 34. Rde3 Rxb7 35. axb7 Qxb7 36. Rxe5 Qc6 37. Rb5 Qxc4 38. Rxb6 Qd5 39. Reb1 Kg7 40. R6b5 Qe4 41. R5b4 Qd3 42. h4 h6 43. Rb5 Qc2 44. Kg2 Qe4+ 45. Kh2 Qd4 46. R1b2 Qc3 47. R5b3 Qd4 48. Rb4 Qc3 49. Rb5 Qd4 50. Rc2 Qd3 51. Rbc5 Qe4 52. R2c4 Qe2 53. Rf4 Qe7 54. Rc3 h5 55. Rcf3 f5 56. Re3 Qc5 57. Re6 Kf7 58. Ra6 Kg7 59. Raa4 Kh6 60. Rac4 Qb6 61. Rc2 Qb3 62. Rc7 Qa2 63. Re7 Qd5 64. Rc7 Qa2 65. Rcc4 Qd2 66. Rcd4 Qb2 67. Rd1 Qc2 68. Re1 Qd2 69. Re6 Kh7 70. Re7+ Kh6 71. Rb7 Qc2 72. Rb6 Kh7 73. Kg2 Qc5 74. Rfb4 Qd5+ 75. Kg1 Qd1+ 76. Kh2 Qf3 77. Rf4 Qd5 78. Rb2 Kh6 79. Rfb4 Qf3 80. Rd2 Qc3 81. Rbd4 f4 82. gxf4 Qf3 83. f5 Qxf5 84. Kg2 Qe5 85. Rb4 Qc3 1/2-1/2

[Event "Belgrade Spring op"]
[Site "Belgrade"]
[Date "2021.04.08"]
[Round "8"]
[White "Potpara, Nikola"]
[Black "Martirosyan, Haik M"]
[Result "0-1"]
[WhiteElo "2370"]
[BlackElo "2620"]
[PlyCount "93"]
[EventDate "2021.04.02"]
[EventType "swiss"]
[EventRounds "9"]
[EventCountry "SRB"]
[SourceTitle "CBM 202 Extra"]
[Source "ChessBase"]
[SourceDate "2021.07.31"]
[SourceVersion "1"]
[SourceVersionDate "2021.07.31"]
[SourceQuality "1"]

1. c4 e5 2. g3 Nf6 3. Bg2 d5 4. cxd5 Nxd5 5. Nc3 Nb6 6. Nf3 Nc6 7. 0-0 Be7 8. a3 0-0 9. b4 Be6 10. Rb1 f6 11. d3 a5 12. b5 Nd4 13. Nd2 Qc8 14. e3 Nf5 15. Qc2 Rd8 16. Bb2 a4 17. Nce4 Qd7 18. Rfd1 Qxb5 19. Bd4 Qa6 20. Bc5 Nd6 21. Bb4 Nd7 22. d4 exd4 23. exd4 Bf8 24. Re1 Bf7 25. Nxd6 cxd6 26. Qc7 Rab8 27. Ne4 Rbc8 28. Qa5 Qxa5 29. Bxa5 b6 30. Bb4 Rc4 31. Bxd6 Rxd4 32. Bxf8 Kxf8 33. f4 Bb3 34. Rbc1 Re8 35. Nc3 Rxe1+ 36. Rxe1 Rd3 37. Rc1 Nc5 38. Ne4 Nxe4 39. Bxe4 Rd2 40. Rc8+ Ke7 41. Rb8 Ra2 42. Rxb6 Rxa3 43. Kf2 Ra2+ 44. Ke3 Rxh2 45. Kd4 h5 46. Kc5 Rd2 47. Kc6 0-1

[Event "Belgrade Spring op"]
[Site "Belgrade"]
[Date "2021.04.03"]
[Round "2"]
[White "Novakovic, Aleksej"]
[Black "Potpara, Nikola"]
[Result "0-1"]
[WhiteElo "2079"]
[BlackElo "2370"]
[PlyCount "60"]
[EventDate "2021.04.02"]
[EventType "swiss"]
[EventRounds "9"]
[EventCountry "SRB"]
[SourceTitle "CBM 202 Extra"]
[Source "ChessBase"]
[SourceDate "2021.07.31"]
[SourceVersion "1"]
[SourceVersionDate "2021.07.31"]
[SourceQuality "1"]

1. d4 Nf6 2. Bf4 c5 3. e3 d6 4. c3 Nbd7 5. Nf3 Nh5 6. Bg3 g6 7. Bc4 e6 8. d5 e5 9. Bh4 Be7 10. Bxe7 Qxe7 11. Be2 f5 12. c4 0-0 13. Nc3 e4 14. Nd2 Nhf6 15. Qc2 Ne5 16. g3 Bd7 17. h3 h5 18. 0-0-0 a6 19. Rde1 b5 20. f4 exf3 21. Nxf3 Kg7 22. Nd2 Rab8 23. b3 b4 24. Nd1 Rbe8 25. Nf2 a5 26. e4 a4 27. Kb2 fxe4 28. Nfxe4 Nxe4 29. Nxe4 Bf5 30. Bd3 Nxd3+ 0-1

[Event "Belgrade Radnicki GM 2nd"]
[Site "Belgrade"]
[Date "2021.02.21"]
[Round "4"]
[White "Kotronias, Vasilios"]
[Black "Potpara, Nikola"]
[Result "1/2-1/2"]
[WhiteElo "2522"]
[BlackElo "2378"]
[PlyCount "76"]
[EventDate "2021.02.19"]
[EventType "tourn"]
[EventRounds "9"]
[EventCountry "SRB"]
[EventCategory "9"]
[SourceTitle "CBM 200 Extra"]
[Source "ChessBase"]
[SourceDate "2021.03.31"]
[SourceVersion "1"]
[SourceVersionDate "2021.03.31"]
[SourceQuality "1"]

1. e4 c5 2. Nf3 d6 3. d4 cxd4 4. Nxd4 Nf6 5. Nc3 Nc6 6. Bg5 e6 7. Qd2 Qb6 8. Nb3 a6 9. 0-0-0 Be7 10. f3 0-0 11. h4 Rd8 12. Bd3 Qc7 13. g4 Ne5 14. Qe3 b5 15. Kb1 Bd7 16. h5 b4 17. Ne2 Bb5 18. Nbd4 d5 19. Bf4 Bxd3 20. cxd3 dxe4 21. dxe4 Nfd7 22. g5 Qb6 23. b3 Bc5 24. Qc1 a5 25. g6 fxg6 26. hxg6 Nxg6 27. Bc7 Qxc7 28. Nxe6 Qb6 29. Nxd8 Nde5 30. f4 Be3 31. Qb2 Rxd8 32. fxe5 Re8 33. Rd5 Qc7 34. Qc2 Qxc2+ 35. Kxc2 Nxe5 36. Rxa5 Nc6 37. Ra6 Re6 38. Ra8+ Kf7 1/2-1/2

[Event "Paracin Winter GM"]
[Site "Paracin"]
[Date "2021.02.04"]
[Round "9"]
[White "Vetokhin, Savva"]
[Black "Potpara, Nikola"]
[Result "0-1"]
[WhiteElo "2309"]
[BlackElo "2378"]
[PlyCount "70"]
[EventDate "2021.01.29"]
[EventType "tourn"]
[EventRounds "9"]
[EventCountry "SRB"]
[EventCategory "6"]
[SourceTitle "CBM 200 Extra"]
[Source "ChessBase"]
[SourceDate "2021.03.31"]
[SourceVersion "1"]
[SourceVersionDate "2021.03.31"]
[SourceQuality "1"]

1. e4 c5 2. Nf3 Nc6 3. d4 cxd4 4. Nxd4 Nf6 5. Nc3 d6 6. Bg5 e6 7. Qd2 a6 8. 0-0-0 Bd7 9. f4 b5 10. Bxf6 gxf6 11. Nxc6 Bxc6 12. f5 Qb6 13. Bd3 Qc5 14. Kb1 h5 15. Rhf1 b4 16. Ne2 e5 17. h4 Bh6 18. Qe1 Rg8 19. Ng3 Ke7 20. Rf3 a5 21. Bf1 Rac8 22. Bd3 a4 23. b3 axb3 24. cxb3 d5 25. exd5 Bxd5 26. Be4 Bxe4+ 27. Qxe4 Rgd8 28. Rff1 Bd2 29. Ne2 Rc7 30. Rg1 Rd6 31. g4 hxg4 32. Rxg4 Rcd7 33. Qc4 Qf2 34. Qe4 Be3 35. Qxb4 Bc5 0-1

[Event "Paracin Winter GM"]
[Site "Paracin"]
[Date "2021.01.31"]
[Round "4"]
[White "Durak, Can"]
[Black "Potpara, Nikola"]
[Result "1-0"]
[WhiteElo "2187"]
[BlackElo "2378"]
[PlyCount "161"]
[EventDate "2021.01.29"]
[EventType "tourn"]
[EventRounds "9"]
[EventCountry "SRB"]
[EventCategory "6"]
[SourceTitle "CBM 200 Extra"]
[Source "ChessBase"]
[SourceDate "2021.03.31"]
[SourceVersion "1"]
[SourceVersionDate "2021.03.31"]
[SourceQuality "1"]

1. d4 Nf6 2. c4 e6 3. Nc3 Bb4 4. e3 Bxc3+ 5. bxc3 c5 6. Bd3 d6 7. Ne2 Nc6 8. 0-0 e5 9. d5 Ne7 10. Ng3 Ng6 11. e4 0-0 12. Nf5 Re8 13. g3 h6 14. Qf3 Bxf5 15. Qxf5 Qc8 16. Bxh6 Qxf5 17. exf5 Nh4 18. Be3 e4 19. Be2 Nxf5 20. Bf4 Rad8 21. Rab1 Re7 22. Bg5 Kf8 23. Rfe1 Rc7 24. Bf1 Re8 25. Bh3 Nh6 26. Bf4 Rd8 27. Re2 Nhg8 28. Bg5 Re8 29. Rbe1 b5 30. cxb5 Nxd5 31. c4 Nb6 32. Rxe4 Rxe4 33. Rxe4 Nf6 34. Bxf6 gxf6 35. Bf1 a6 36. bxa6 Ra7 37. Rg4 Nd7 38. f4 Rxa6 39. h4 f5 40. Rg5 Nf6 41. Rxf5 Ne4 42. Bd3 Nd2 43. Kf2 Rxa2 44. Ke3 Nb3 45. Be4 Nd4 46. Rg5 Re2+ 47. Kd3 Rh2 48. Bd5 f5 49. h5 Ke7 50. Rg7+ Kf8 51. Rg5 Ke7 52. Bg8 Rh3 53. Ke3 Rh2 54. Bh7 Ne6 55. Rxf5 Ng7 56. Rg5 Nxh5 57. Bg8 Rh3 58. Kf3 Nf6 59. Kg2 Rh8 60. Rg7+ Kd8 61. Be6 Nh5 62. Rd7+ Ke8 63. Ra7 Rh6 64. Bf7+ Kf8 65. Bxh5 Rxh5 66. g4 Rh4 67. Kg3 Rh1 68. f5 Rc1 69. Rd7 Rxc4 70. Rxd6 Ke7 71. Re6+ Kf7 72. Rc6 Ke7 73. Kh4 Kd7 74. Ra6 Rc1 75. Kg5 c4 76. Ra4 c3 77. Rc4 c2 78. Kg6 Kd6 79. g5 Kd5 80. Rc8 Ke4 81. f6 1-0

[Event "Belgrade Trophy 34th"]
[Site "Belgrade"]
[Date "2020.11.27"]
[Round "4"]
[White "Potpara, Nikola"]
[Black "Tyurin, Artem"]
[Result "1-0"]
[WhiteElo "2383"]
[BlackElo "2096"]
[PlyCount "59"]
[EventDate "2020.11.24"]
[EventType "swiss"]
[EventRounds "9"]
[EventCountry "SRB"]
[SourceTitle "CBM 199 Extra"]
[Source "ChessBase"]
[SourceDate "2021.01.31"]
[SourceVersion "1"]
[SourceVersionDate "2021.01.31"]
[SourceQuality "1"]

1. d4 Nf6 2. Bf4 e6 3. e3 c5 4. c3 Nc6 5. Nd2 d5 6. Ngf3 Bd6 7. Bg3 0-0 8. Bd3 b6 9. Qe2 Bb7 10. Rd1 c4 11. Bc2 Be7 12. h4 b5 13. e4 dxe4 14. Nxe4 Nxe4 15. Qxe4 g6 16. h5 Qd5 17. Qe3 g5 18. Be4 Qd8 19. d5 exd5 20. Rxd5 Qb6 21. Qxb6 axb6 22. Rd7 Rxa2 23. Rxb7 Ra1+ 24. Ke2 Rxh1 25. Bxc6 Bf6 26. Rxb6 Rc1 27. Rxb5 Rd8 28. Nd4 Bxd4 29. cxd4 Rc8 30. Rxg5+ 1-0

[Event "MNT-chT"]
[Site "Podgorica"]
[Date "2020.10.13"]
[Round "7.3"]
[White "Miljanic, Boro"]
[Black "Potpara, Nikola"]
[Result "0-1"]
[WhiteElo "2354"]
[BlackElo "2373"]
[PlyCount "52"]
[EventDate "2020.10.09"]
[EventType "team-tourn"]
[EventRounds "9"]
[EventCountry "MNE"]
[SourceTitle "CBM 198 Extra"]
[Source "ChessBase"]
[SourceDate "2020.11.30"]
[SourceVersion "1"]
[SourceVersionDate "2020.11.30"]
[SourceQuality "1"]
[WhiteTeam "Elektroprivreda"]
[BlackTeam "Rudar"]
[WhiteTeamCountry "MNE"]
[BlackTeamCountry "MNE"]

1. e4 c5 2. c3 d6 3. d4 Nf6 4. dxc5 Nc6 5. Bc4 Nxe4 6. Qd5 Be6 7. Qxe4 d5 8. Qe2 dxc4 9. Nf3 Qd3 10. Na3 0-0-0 11. Be3 Bd5 12. Rd1 Qxe2+ 13. Kxe2 e5 14. Nd2 Na5 15. f3 f5 16. Rb1 Be7 17. b4 cxb3 18. axb3 Rhe8 19. b4 Nc6 20. Nac4 Bf8 21. Bg5 Rd7 22. Ra1 h6 23. Bh4 e4 24. f4 e3 25. Nxe3 g5 26. Bg3 Rde7 0-1

[Event "MNT-chT"]
[Site "Podgorica"]
[Date "2020.10.11"]
[Round "4.2"]
[White "Potpara, Nikola"]
[Black "Jakovljevic, Vlado"]
[Result "0-1"]
[WhiteElo "2373"]
[BlackElo "2330"]
[PlyCount "56"]
[EventDate "2020.10.09"]
[EventType "team-tourn"]
[EventRounds "9"]
[EventCountry "MNE"]
[SourceTitle "CBM 198 Extra"]
[Source "ChessBase"]
[SourceDate "2020.11.30"]
[SourceVersion "1"]
[SourceVersionDate "2020.11.30"]
[SourceQuality "1"]
[WhiteTeam "Rudar"]
[BlackTeam "Rokada"]
[WhiteTeamCountry "MNE"]
[BlackTeamCountry "MNE"]

1. d4 Nf6 2. Bf4 e6 3. e3 c5 4. c3 b6 5. Nf3 Bb7 6. Bd3 Be7 7. h3 0-0 8. 0-0 Ba6 9. Bxa6 Nxa6 10. Qe2 Qc8 11. e4 cxd4 12. cxd4 Nb4 13. Nc3 Qa6 14. Qxa6 Nxa6 15. a3 Rfc8 16. Rac1 Kf8 17. Nd2 Nc7 18. g4 h6 19. Kg2 Ke8 20. Bxc7 Rxc7 21. e5 Ng8 22. d5 exd5 23. Nxd5 Rxc1 24. Rxc1 Kd8 25. Ne4 f6 26. exf6 Nxf6 27. Nexf6 Bxf6 28. Rc2 Bd4 0-1

[Event "EU-ch Online U2300 Qual"]
[Site "Chess.com INT"]
[Date "2020.05.25"]
[Round "5"]
[White "Potpara, Nikola"]
[Black "Afanasiev, Dmitry1111"]
[Result "1/2-1/2"]
[WhiteElo "2373"]
[BlackElo "2175"]
[PlyCount "155"]
[EventDate "2020.05.25"]
[EventType "swiss"]
[EventRounds "8"]
[EventCountry "NET"]
[SourceTitle "EXT 2021"]
[Source "ChessBase"]
[SourceDate "2020.10.23"]
[SourceVersion "1"]
[SourceVersionDate "2020.10.23"]
[SourceQuality "1"]

1. d4 Nf6 2. Bf4 c5 3. d5 Qb6 4. Nc3 d6 5. e4 Nbd7 6. Nf3 g6 7. Qd2 Bg7 8. Rb1 0-0 9. Bh6 a6 10. h4 Bxh6 11. Qxh6 Ng4 12. Qd2 h5 13. Ng5 Nde5 14. f3 Nf6 15. Be2 Bd7 16. g4 hxg4 17. f4 Nf3+ 18. Nxf3 gxf3 19. Bxf3 Kg7 20. e5 dxe5 21. fxe5 Ng4 22. Bxg4 Bxg4 23. Qf4 Bh5 24. 0-0 Qb4 25. a3 Qd4+ 26. Kh2 b5 27. Kg3 Rad8 28. Rf2 a5 29. Rd2 Qxf4+ 30. Kxf4 b4 31. Ne4 Rb8 32. Nxc5 bxa3 33. b3 Rfc8 34. Nd3 a4 35. b4 Rc3 36. Ke3 a2 37. Ra1 Rxb4 38. Rxa2 Rxh4 39. Rf2 Rhc4 40. Rf4 Rxc2 41. Rxc2 Rxc2 42. Rxa4 Re2+ 43. Kd4 Bf3 44. Ra7 Re4+ 45. Kc5 Be2 46. d6 exd6+ 47. exd6 Bxd3 48. d7 Re7 49. d8Q Rxa7 50. Qd4+ f6 51. Qxd3 Re7 52. Kd6 Re5 53. Qh3 g5 54. Qh5 Re4 55. Qf3 Re5 56. Qd3 g4 57. Qg3 Re4 58. Kd5 f5 59. Qh4 Kg6 60. Qh8 Kg5 61. Qg7+ Kf4 62. Qh6+ Kg3 63. Qg5 Rf4 64. Ke5 Rf3 65. Qg8 Kg2 66. Qa2+ Rf2 67. Qd5+ Kg3 68. Kf6 Kh2 69. Qd4 g3 70. Qh4+ Kg2 71. Kg5 f4 72. Kg4 Kg1 73. Qd8 g2 74. Qd4 Kh1 75. Qh8+ Kg1 76. Qd4 Kh1 77. Qh8+ Kg1 78. Qd4 1/2-1/2

[Event "EU-ch Online U2300 Qual"]
[Site "Chess.com INT"]
[Date "2020.05.25"]
[Round "2"]
[White "Potpara, Nikola"]
[Black "Talibov, Shiroghlan"]
[Result "1-0"]
[WhiteElo "2373"]
[BlackElo "2128"]
[PlyCount "77"]
[EventDate "2020.05.25"]
[EventType "swiss"]
[EventRounds "8"]
[EventCountry "NET"]
[SourceTitle "EXT 2021"]
[Source "ChessBase"]
[SourceDate "2020.10.23"]
[SourceVersion "1"]
[SourceVersionDate "2020.10.23"]
[SourceQuality "1"]

1. d4 Nf6 2. c4 e6 3. Nf3 c5 4. d5 exd5 5. cxd5 d6 6. Nc3 g6 7. e4 Bg7 8. h3 0-0 9. Bd3 Na6 10. 0-0 Nc7 11. Re1 a6 12. a4 Rb8 13. Rb1 b5 14. axb5 axb5 15. b4 c4 16. Bc2 Re8 17. Be3 Ra8 18. Nd4 Bd7 19. Qd2 Qe7 20. Ra1 Nh5 21. Nc6 Bxc6 22. dxc6 Be5 23. Nd5 Nxd5 24. Rxa8 Rxa8 25. exd5 Ra2 26. g4 c3 27. Qd3 Ng7 28. Re2 Ra1+ 29. Kg2 Qh4 30. c7 Ra8 31. f4 Nh5 32. gxh5 Bxf4 33. Bxf4 Qxf4 34. Qe3 Qc4 35. h6 Rf8 36. Qe7 Qxd5+ 37. Be4 Qc4 38. Bf3 Qf4 39. Qxf8+ 1-0

[Event "MNT-chT 1st League"]
[Site "Podgorica"]
[Date "2019.07.24"]
[Round "5.2"]
[White "Draganic, Veljko"]
[Black "Potpara, Nikola"]
[Result "1/2-1/2"]
[WhiteElo "2246"]
[BlackElo "2374"]
[PlyCount "106"]
[EventDate "2019.07.20"]
[EventType "team-tourn"]
[EventRounds "9"]
[EventCountry "MNE"]
[SourceTitle "EXT 2020"]
[Source "ChessBase"]
[SourceDate "2019.10.17"]
[SourceVersion "1"]
[SourceVersionDate "2019.10.17"]
[SourceQuality "1"]
[WhiteTeam "Niksic"]
[BlackTeam "Rudar"]
[WhiteTeamCountry "MNE"]
[BlackTeamCountry "MNE"]

1. d4 Nf6 2. c3 e6 3. f4 b6 4. Nf3 Bb7 5. e3 Be7 6. Bd3 0-0 7. 0-0 Ne4 8. Nbd2 f5 9. Qc2 d5 10. Ne5 c5 11. Ndf3 Nd7 12. a4 Rc8 13. Nxd7 Qxd7 14. Ne5 Qc7 15. Qe2 c4 16. Bxe4 dxe4 17. Bd2 Bd5 18. Kh1 a6 19. g4 Qb7 20. Rg1 Bd6 21. gxf5 Rxf5 22. Rg2 Rc7 23. Rag1 b5 24. axb5 axb5 25. Be1 Bc6 26. Bh4 Be8 27. Bg5 Bxe5 28. dxe5 Rd7 29. Qg4 Kf8 30. Qh4 Bg6 31. Qg4 Be8 32. h4 h6 33. Bf6 Bh5 34. Bxg7+ Ke8 35. Qh3 Bf3 36. Bf6 Rd2 37. Kh2 Rxg2+ 38. Rxg2 Bxg2 39. Qxg2 Kd7 40. Qg8 Qc8 41. Qf7+ Kc6 42. Qa7 Qb7 43. Qd4 Qd7 44. Qxe4+ Kc7 45. Qg2 Qd3 46. Qf2 Qe4 47. Kg3 Qh1 48. Qf3 Qe1+ 49. Qf2 Qh1 50. Qe2 Qg1+ 51. Kh3 Qh1+ 52. Kg3 Qg1+ 53. Kh3 Qh1+ 1/2-1/2

[Event "MNT-chT"]
[Site "Niksic"]
[Date "2018.08.13"]
[Round "7.5"]
[White "Todorovic, Jovan"]
[Black "Potpara, Nikola"]
[Result "1-0"]
[WhiteElo "2370"]
[BlackElo "2380"]
[PlyCount "47"]
[EventDate "2018.08.07"]
[EventType "team-tourn"]
[EventRounds "9"]
[EventCountry "MNE"]
[SourceTitle "CBM 186 Extra"]
[Source "ChessBase"]
[SourceDate "2018.08.24"]
[SourceVersion "1"]
[SourceVersionDate "2018.08.24"]
[SourceQuality "1"]
[WhiteTeam "Mimoza"]
[BlackTeam "Rudar"]
[WhiteTeamCountry "MNE"]
[BlackTeamCountry "MNE"]

1. e4 d6 2. d4 Nf6 3. Nc3 Nbd7 4. Nf3 e5 5. g4 d5 6. exd5 e4 7. g5 exf3 8. gxf6 Qxf6 9. Rg1 Bb4 10. Bg5 Qf5 11. Qd3 Bxc3+ 12. Qxc3 0-0 13. 0-0-0 Qxd5 14. Bh6 g6 15. Bc4 Qh5 16. Qe3 b5 17. Bxf8 bxc4 18. Rg5 Qxh2 19. Qxf3 Bb7 20. Qxb7 Qf4+ 21. Kb1 Rxf8 22. Qg2 Re8 23. Qg3 Qxd4 24. Qg1 1-0